| 000 | 00770nam a2200205Ia 4500 | ||
|---|---|---|---|
| 003 | GCL | ||
| 008 | 140319s9999 xx 000 0 ara d | ||
| 040 |
_aGCL / _cGCL |
||
| 082 | 0 | 4 |
_a708.962 _bك ك |
| 100 | 1 | _aكاسكو، جويدو | |
| 245 | 1 | 0 |
_aكتالوج لمجموعات التحف والمجوهرات التى ستياع بالمزاد العلنى بقصر عابدين من يوم الجمعة 14 الى يوم الثلاثاء 18 يونية 1957 / _cكاسكو، جويدو |
| 700 | 1 | _aعبادى، فرانسوا | |
| 300 | _a45 ص | ||
| 490 |
_aالهيئة العامة للاستعلامات _v0 |
||
| 650 | 0 | 4 | _aالمجوهرات |
| 650 | 0 | 4 | _aالفنون |
| 650 | 0 | 4 | _aاللوحات الفنية |
| 650 | 0 | 4 | _aالتحف |
| 942 |
_2ddc _cBK |
||
| 999 |
_c49953 _d49953 |
||